000 00497nam a2200181Ia 4500
005 20250326140429.0
008 250326s9999 xx 000 0 und d
037 _aTextbook
040 _aFMSL
_beng
_cFMSL
041 _aeng
_2eng
084 _aS M2
_qFMSL
100 _aChapman A J
_9742354
245 0 _aPsychology and People: a tutorial text
_cChapman A J; Gale A
260 _aLondon
_bLondon, McMillan
_c1982
300 _a528p
942 _cTB
_hS M2
999 _c1285766
_d1285766